Statistics for Belligrents of the Russian Civil War

Click here to take the quiz!

General Stats

  • This quiz has been taken 244 times
  • The average score is 56 of 101

Answer Stats

Based in:Answer% Correct
Western EuropeUnited Kingdom
97%
Northern RussiaNorth Russia
92%
Northwestern RussiaNorthwest Russia
92%
EurasiaRussian Republic
92%
EurasiaRussian SFSR
92%
SiberiaRussian State
92%
Eastern EuropeSouth Russia
92%
North AmericaUnited States
91%
SiberiaGreen Ukraine
90%
Eastern EuropeUkrainian SSR
90%
Eastern EuropeUkrainian State
90%
Eastern EuropeWest Ukraine
90%
Central EuropeGermany
89%
Northern EuropeFinland
88%
Northern EuropeFinnish SWR
88%
Central EuropePoland
88%
Central EuropeSoviet-Polish SRC
88%
Eastern EuropeUkraine
87%
Western AsiaAzerbaijan
86%
Northeastern EuropeCentral Lithuania
86%
Northeastern EuropeLatvia
86%
Northeastern EuropeLatvian SSR
86%
Northeastern EuropeLithuania
86%
Northeastern EuropeLithuanian SSR
86%
Northeastern EuropeRed Latvian riflemen
86%
Western AsiaArmenia
85%
CaucasusArmenian SSR
85%
Northeastern EuropeEstonia
85%
Northeastern EuropeEstonian Commune
85%
Western AsiaGeorgia
85%
CaucasusGeorgian SSR
85%
Eastern AsiaJapan
85%
Central EuropeAustria-Hungary
84%
CaucasusAzerbaijan SSR
84%
Eastern EuropeBelarus
84%
Eastern EuropeBelarusian SSR
84%
Western EuropeFrance
83%
Eastern AsiaChina
82%
Western AsiaOttoman Empire
77%
SiberiaBuryat Mongolia
75%
Eastern AsiaMongolia
75%
East AsiaMongolian PP
75%
Eastern EuropeRomania
75%
Southern EuropeItaly
73%
North AmericaCanada
72%
Southern EuropeGreece
71%
OceaniaAustralia
66%
Central EuropeCzechoslovakia
62%
Southern AsiaIndia
62%
Southeast EuropeSerbia
62%
Western AsiaPersia
61%
Black SeaCrimea
60%
Northern EuropeSweden
60%
Eastern UkraineDon Republic
56%
AfricaSouth Africa
55%
EurasiaSoviet Union
47%
Central AsiaAfghanistan
45%
SiberiaFar Eastern Republic
42%
Eastern EuropeGreen Army
41%
Northern EuropeKarelia
40%
Southern RussiaKuban republic
40%
Western AsiaTranscaucasia
38%
CaucasusTranscaucasian SFSR
38%
Central AsiaAlash Orda
32%
Central EuropeTurkestan
29%
Central RussiaUral govt.
29%
Central AsiaBukhara
28%
Central AsiaBukharan PSR
28%
AzerbaijanBaku Commune
27%
Western AsiaPersian SSR
27%
SiberiaYakutia
27%
Eastern EuropeMoldavia
26%
Central AsiaKhiva
25%
Southern RussiaNorthern Caucasus
24%
SiberiaAltai
23%
SiberiaOmsk Siberian govt.
23%
Western RussiaKronstadt
22%
Eastern UkraineD-KRSR
21%
Northern EuropeNorth Ingria
21%
Southern UkraineOdessa SR
21%
SiberiaVladivostok Siberian govt.
19%
Central AsiaBasmachi
18%
GermanyFreikorps
18%
Western UkraineGalician SSR
18%
Eastern EuropeBessarabian SSR
14%
Eastern UkraineMakhnovia
14%
Eastern EuropeLeft SRs
13%
Central AsiaKhorezm PSR
11%
AzerbaijanCentrocaspia
10%
Eastern EuropeKomuch
10%
Northeastern EuropeLitbel
10%
Western AsiaAras
9%
Northeastern EuropeBermontians
8%
Southern RussiaCaucasian Emirate
8%
Black SeaTaurida SSR
8%
Northeastern EuropeLandeswehr
7%
Eastern AsiaChinese communists
6%
SiberiaEastern Okraine
3%
SiberiaPriyamurye govt.
1%

Score Distribution

Percentile by Number Answered

Percent of People with Each Score

Your Score History

You have not taken this quiz